000 00605nam a2200241Ia 4500
005 20250425162054.0
008 250425s9999 xx 000 0 und d
020 _a8448110633
041 _aspa
082 _a005.758
100 _aSTOUT, RICK
245 0 _aOPTIMIZACION DE SERVIDORES WEB: ANALISIS Y ESTADISTICAS
250 _a1A ED.
260 _aEspaƱa
_bMCGRAW-HILL
_c1997
260 _aMADRID
300 _a269
650 _aOPTIMIZACION
650 _aSERVIDORES COMPUTACIONALES
650 _aWEB-TRAFICO
700 _aLUIS LIRAS ROLDAN
_etraductor
942 _c01
010 _a47408
999 _c221802
_d221802